| 000 | 01492nam a2200241Ia 4500 | ||
|---|---|---|---|
| 999 |
_c55920 _d55920 |
||
| 001 | 23018 | ||
| 003 | GE_BSU | ||
| 005 | 20230626120814.0 | ||
| 008 | 181216s1954||||ge |||||||||||||| ||geo|| | ||
| 040 | _cGE_BSU | ||
| 041 | _ageo | ||
| 080 | _a821.353.1.09(082) ქ-27 | ||
| 245 |
_aქართული ლიტერატურული კრიტიკის ისტორიისათვის : ქრესტომათია. წ. 1 / _cშეადგინა და წინასიტყვაობა, შესავალი, შენიშვნები და საძიებელი დაურთო ს. ხუციშვილმა ; რედ. გ. ჯიბლაძე. |
||
| 250 | _aსაქ. სსრ განათლების სამინისტრო | ||
| 264 |
_aთბილისი : _bსამეცნ.-მეთოდ. კაბინეტის გამ-ბა, _c1954. |
||
| 300 |
_a442 გვ. ; _c22 სმ. |
||
| 541 | _h2ლ.42თ. | ||
| 653 | _aქართული ლიტერატურა | ||
| 653 | _aქართული ლიტერატურული კრიტიკის ისტორიისათვის : ქრესტომათია. წ. 1 | ||
| 700 |
_aჯიბლაძე, გ. _eრედაქტორი _918966 |
||
| 710 |
_aსაქართველოს სსრ განათლების სამინისტრო _918967 |
||
| 942 |
_cBK _2udc |
||